00350nam a2200145Ia 4500008004100000020001800041041000800059082001300067100001600080245003600096260003200132300000800164365001600172700001600188230714s9999 xx 000 0 und d a9780000000000 aeng a302bGLA aGladwell M. aOutliers:bThe Story Of Success c2008bAllen Lane (Penguin ) a309 cRs.b399.00 aGladwell M.